000 00533nam a2200169Ia 4500
999 _c25954
_d25954
003 OSt
005 20201204113549.0
008 190216s9999||||xx |||||||||||||| ||und||
040 _coclc
082 _a894.8123
_bPIL/P
100 _aPillai, Thakazhi Shivashankara
_9418
245 0 _aPerillakkatha /
_cThakazhi Shivashankara Pillai
260 _bSahithya Pravarthaka Sahakarana Sangam,
_c1986.
_aKottayam:
300 _a162p
650 _aMalayalam Novel
942 _cBK
_2ddc
_h894.8123
_iPIL/P
_k894.8123
_mPIL/P